| 000 | 00629cab a2200229 4500 | ||
|---|---|---|---|
| 001 | WB3218-42 | ||
| 008 | 090401t1996 xxu||||| |||| 00| 0 eng d | ||
| 035 | _a(Sirsi) u59052 | ||
| 041 | _aeng | ||
| 245 | _aProposals issued | ||
| 260 | _c1996 | ||
| 350 | _a0 | ||
| 490 |
_aMAFF News Release _v(157/96) 3 May 1996, (2) |
||
| 520 | _aGovernment issues proposals for consultation for a Mature Beef Assurance Scheme. Comments by 17 May 1996. | ||
| 650 | _aBEEF INDUSTRY | ||
| 650 | _aBSE | ||
| 650 | _aCATTLE | ||
| 650 | _aMATURE BEEF ASSURANCE SCHEME | ||
| 690 | _aRURAL PRACTICE | ||
| 942 | _n0 | ||
| 948 | _c04/03/1997 | ||
| 999 |
_c36165 _d36165 |
||